Регионална библиотека "Любен Каравелов" - Русе

Солнышко (Запис номер 83004)

MARC детайли
000 -Лидер
Контролно поле с фиксирана дължина 02347nam a2200409 c 4500
003 - Код на организацията, давaща контролен номер
Контролно поле BLK
005 - Дата и час на последна редакция
Контролно поле 20240606141833.0
008 - Елементи от данни с фиксирана дължина
fixed length control field 180408b bul|||||r ||||||| ||bul||
010 ## - Наследен системен номер
LC control number KNG00087541000
020 ## - Международен стандартен номер на книга ISBN
Международен стандартен номер на книга ISBN 978-954-01-2102-4
-- издат.: Просвета - на том(тетр.)
040 ## - Източник на каталожния запис
Идентификатор на билиотеката - собственик на записа BLK
041 ## - Код за език
Код за езика на текст/звукозапис или на отделно заглавие Руски
Код за езика КДБФ Руски
080 ## - УДК
Текстов определител УДК Руски език - учебни предмети
УДК код - определител по УДК 373.3.016:811.161.1
УДК определител (076)
УДК - код + определител 373.3.016:811.161.1(076)
100 1# - Редна дума - Автор
Автор Тодорова, Нина Василиевна
Авторска отговорност първи автор
R(LIN) 368800
139 ## - Редно поле
Редна дума Тодорова, Нина Василиевна и др.
Авторски знак Тодо - Т 64
245 10 - Сведения за заглавието
Заглавие Солнышко
Подзаглавни данни Русский язык для ІІІ кл. : Учебник
Редно поле (дума) Нина Василиевна Тодорова; съавт. Христина Ангелова Грозданова; авт. на том Христина Ангелова Грозданова; съавт. на том Наталия Симеонова Канчева-Хинова.
Том Тетрадь
250 ## - Област на изданието
Сведения за изданието 2. прераб. изд.
257 ## - Страна на издаване
Страна на създаване/издаване България
260 ## - Област на издателските данни
-- София
Година на издаване 2008
Печатница За том: София : Родина
300 ## - Физическа характеристика
Размери/Мащаб 29 см
380 ## - Жанр
Жанр Обществени науки
500 ## - Общи забележки
Забележка Авт. не са отбелязани на кор. - 1. изд. 2004
650 #4 - Допълнително описание по предмет – тема
Основно описание – тема или топоним Руски език - учебници за основни училища
9 (RLIN) 244630
653 ## - Ключова дума – ненормативна
Ключова дума руски език
653 ## - Ключова дума – ненормативна
Ключова дума учебници за основни училища
653 ## - Ключова дума – ненормативна
Ключова дума ІІІ кл.
700 ## - Други автори (авторска отговорност)
Лично име Грозданова, Христина Ангелова
Дати, свързани с автора 1955 -
Друга информация Филолог, руска филология.
9 (RLIN) 284619
700 ## - Други автори (авторска отговорност)
Лично име Грозданова, Христина Ангелова
Дати, свързани с автора 1955 -
Друга информация Филолог, руска филология.
9 (RLIN) 284619
700 1# - Други автори (авторска отговорност)
Лично име Канчева-Хинова, Наталия Симеонова
9 (RLIN) 371908
760 1# - Описание на основната серия
-- - на том(тетр.)
Редна дума на основното описание Тодорова, Нина Василиевна
Издание 2. прераб. изд.
Място на издаване, издател и година Просвета, 2008
Страници - том 46 с. : с ил.
Забележка - том Втората авт. е известна като Наталия Симеонова Канчева
Заглавие Тетрадь
852 ## - Местоположение
Форматна сигнатура Цб ІІ 15504
856 4# - Електронен адрес и достъп
Електронен формат pdf - файл
Път до файла /url/
856 4# - Електронен адрес и достъп
Електронен формат pdf - файл
Път до файла /url/
942 ## - АРТИКУЛИ
Вид на библиотечния материал Книги
Скрит в OPAC Не
944 ## - СЪЗДАВАНЕ И РЕДАКЦИЯ на ЗАПИСА
Създаване/Редакция Създаване
Дата на регистрацията/редакция 28.01.2009
Служител, извършил регистрацията/редакцията 30560
Статус, дата на статуса Геновева Генчева
944 ## - СЪЗДАВАНЕ И РЕДАКЦИЯ на ЗАПИСА
Създаване/Редакция Редакция
Дата на регистрацията/редакция 10.03.2009
Служител, извършил регистрацията/редакцията
999 ## - СИСТЕМНИ КОНТРОЛНИ НОМЕРА
Koha biblionumber 83004
Koha biblioitemnumber 83004
Наличности
Код за отписване Код за изгубен артикул Код за повреда Коз за рестрикции Код за отдаване Артикулен № Име на библиотеката - собственик Име на библиотеката, в която се намира в момента Статус (Текущо местоположение) Дата на вписване в системата Местоположение - отдел Цена в лева Инвентарен номер Систематично азбучна сигнатура Баркод Номер на екземпляра Цена в евро Служебна бележка Служебен тип на артикула
  Не е изгубен Не е повреден без рестрикции ползва се в читалня 134982 Регионална библиотека "Любен Каравелов" Русе Регионална библиотека "Любен Каравелов" Русе Хранилище 2009-01-26 Хранилище 0.00 120000733154 Цб ІІ 15504 120000733154 1 0.00 Дост: Dp Вид: Д N: 35 Дата: 13.08.2008 Книги
Vip Innovations Ltd, Rousse, Bulgaria 2025